000 00622cab a22001935a 4500
001 L157308
008 121015e2012 xxk 000 0 eng d
035 _a(Sirsi) u157308
041 0 _aeng
100 1 _aJohnstone, Nick
245 0 0 _aBright lights
260 _c2012
490 0 _aProperty Week International
_v78(40) 5 October 2012, 92-93(2)
520 _aIntroduces 10 international metropolises to watch in 2012: Chongqing, Perth, Ho Chi Minh, Luanda, Accra, San Francisco, Lima, Almaty, Chengdu, and Dubai.
590 _aKA
651 4 _aInternational
690 _aCommercial property
_96227
942 _n0
999 _c84323
_d84323